La Alemania de Hitler vista por un extranjero (Record no. 138725)

MARC details
000 -LEADER
campo de control de longitud fija 00851nam a2200217 i 4500
001 - NÚMERO DE CONTROL
campo de control 138725
003 - IDENTIFICADOR DE NÚMERO DE CONTROL
campo de control ES-MaACL
005 - FECHA Y HORA DE LA ÚLTIMA TRANSACCIÓN
campo de control 20230906195625.0
007 - CAMPO FIJO DE DESCRIPCIÓN FÍSICA--INFORMACIÓN GENERAL
campo de control de longitud fija t|
008 - DATOS DE LONGITUD FIJA--INFORMACIÓN GENERAL
campo de control de longitud fija 070214s1939 sp r ||||1| spa d
100 1# - ENTRADA PRINCIPAL--NOMBRE DE PERSONA
Nombre de persona Santoro, Cesare.
9 (RLIN) 103459
245 13 - MENCIÓN DEL TÍTULO
Título La Alemania de Hitler vista por un extranjero
Resto del título : con 13 gráficos y un apéndice ilustrado, `Vistas de la Nueva Alemania` /
Mención de responsabilidad, etc. Cesare Santoro ; traducción de la III edición alemana.
260 ## - PUBLICACIÓN, DISTRIBUCIÓN, ETC.
Lugar de publicación, distribución, etc. Berlin :
Nombre del editor, distribuidor, etc. Internationaler Verlag,
Fecha de publicación, distribución, etc. 1939.
300 ## - DESCRIPCIÓN FÍSICA
Extensión 524 p., 104 lám. :
Otras características físicas il. = retr. de Hitler ;
Dimensiones 24 cm.
490 1# - MENCIÓN DE SERIE
Mención de serie Los grandes problemas internacionales
651 #4 - PUNTO DE ACCESO ADICIONAL DE MATERIA--NOMBRE GEOGRÁFICO
Nombre geográfico Alemania-
Subdivisión general Historia-
Subdivisión cronológica 1933-1945.
9 (RLIN) 7663
830 0# - PUNTO DE ACCESO ADICIONAL DE SERIE-TÍTULO UNIFORME
Título uniforme Los grandes problemas internacionales
9 (RLIN) 220179
852 ## - LOCALIZACIÓN
Ubicación ES-MaACL
Número de control de estantería A-5162
Sublocalización o colección R.18081
852 ## - LOCALIZACIÓN
Ubicación ES-MaACL
Número de control de estantería A-2466
Sublocalización o colección R.18796
Holdings
Estatus retirado Estado de pérdida Estado de daño No para préstamo Biblioteca de origen Biblioteca actual Ubicación en estantería Fecha de adquisición Fuente de adquisición Total de préstamos Signatura topográfica completa Código de barras Visto por última vez Precio de reemplazo Tipo de ítem Koha
        Biblioteca del Ateneo de Madrid Biblioteca del Ateneo de Madrid Sala Pecera Planta 1 17/01/2008     A-2466 1144356 23/02/2023 23/02/2023 Libro impreso
        Biblioteca del Ateneo de Madrid Biblioteca del Ateneo de Madrid Sala Pecera Planta 1 17/01/2008     A-5162 1144355 23/02/2023 23/02/2023 Libro impreso